[Event "Brasov GP RO"]
[Site "Brasov"]
[Date "2023.07.19"]
[Round "5"]
[White "Bezeyko, Alexander"]
[Black "Sandor, Petrut"]
[Result "1-0"]
[WhiteElo "1726"]
[BlackElo "2152"]
[PlyCount "93"]
[EventDate "2023.07.16"]
[EventType "swiss"]
[EventRounds "9"]
[EventCountry "ROU"]
[SourceTitle "CBM 215 Extra"]
[Source "ChessBase"]
[SourceDate "2023.09.30"]
[SourceVersion "1"]
[SourceVersionDate "2023.09.30"]
[SourceQuality "1"]

1. e4 e5 2. d4 exd4 3. Qxd4 Nc6 4. Qc4 Nf6 5. Nc3 Bb4 6. Bd2 0-0 7. 0-0-0 d6 8. Qe2 Re8 9. f3 d5 10. a3 Ba5 11. Nxd5 Bxd2+ 12. Qxd2 Nxd5 13. Qxd5 Qf6 14. Qc5 Re5 15. Qc3 Be6 16. Bd3 a5 17. Ne2 Qe7 18. f4 Rc5 19. Qd2 Bg4 20. e5 b5 21. h3 Bxe2 22. Qxe2 b4 23. a4 b3 24. c3 Rb8 25. Kb1 Na7 26. Rd2 Nc8 27. Rhd1 Nb6 28. Qe4 g6 29. Bb5 Kg7 30. g4 g5 31. Qf5 gxf4 32. Rd7 Nxd7 33. Rxd7 Rd8 34. Qf6+ Qxf6 35. exf6+ Kxf6 36. Rxd8 c6 37. Rc8 Re5 38. Rxc6+ Kg5 39. Kc1 f3 40. Rd6 f5 41. gxf5 Rxf5 42. Bf1 Kf4 43. Kd2 Kg3 44. c4 Kf2 45. Bd3 Rh5 46. Rf6 Re5 47. Rf5 1-0

[Event "ROM-chT div-A"]
[Site "Mamaia"]
[Date "2019.09.27"]
[Round "7.4"]
[White "Sandor, Petrut"]
[Black "Tunaru, Alexandru A"]
[Result "1-0"]
[WhiteElo "2182"]
[BlackElo "2088"]
[PlyCount "89"]
[EventDate "2019.09.21"]
[EventType "team-tourn"]
[EventRounds "9"]
[EventCountry "ROU"]
[SourceTitle "EXT 2020"]
[Source "ChessBase"]
[SourceDate "2019.10.17"]
[SourceVersion "1"]
[SourceVersionDate "2019.10.17"]
[SourceQuality "1"]
[WhiteTeam "Urziceni Viitorul"]
[BlackTeam "Resita Muncitorul"]
[WhiteTeamCountry "ROU"]
[BlackTeamCountry "ROU"]

1. e4 d6 2. d4 Nf6 3. Nc3 c6 4. Nf3 Bg4 5. Be2 e6 6. 0-0 d5 7. exd5 cxd5 8. Ne5 Bxe2 9. Qxe2 Nc6 10. Qb5 Qc8 11. Nxc6 Qxc6 12. Qxc6+ bxc6 13. Bf4 Nh5 14. Be3 Rb8 15. Na4 Bd6 16. g3 f5 17. Bd2 Nf6 18. f3 Kf7 19. b3 h5 20. Bg5 Kg6 21. Bf4 Bxf4 22. gxf4 Nd7 23. Rfe1 Kf7 24. Re3 Ke7 25. Rae1 Rh6 26. Kf2 Rg6 27. h4 Rb4 28. Rd3 Kd6 29. a3 Rb5 30. c4 dxc4 31. bxc4 Rb8 32. c5+ Kc7 33. Rde3 Nf8 34. R3e2 Rb3 35. Nb2 Rxa3 36. Nc4 Ra4 37. Ne5 Rxd4 38. Ra1 a5 39. Rxa5 Rd1 40. Ra7+ Kb8 41. Nxc6+ Kc8 42. Ne7+ Kb8 43. Rb2+ Kxa7 44. Nc6+ Ka6 45. Rb6# 1-0

[Event "ROM-chT div-A"]
[Site "Mamaia"]
[Date "2019.09.26"]
[Round "6.2"]
[White "Andronescu, Madalin"]
[Black "Sandor, Petrut"]
[Result "1-0"]
[WhiteElo "2124"]
[BlackElo "2182"]
[PlyCount "113"]
[EventDate "2019.09.21"]
[EventType "team-tourn"]
[EventRounds "9"]
[EventCountry "ROU"]
[SourceTitle "EXT 2020"]
[Source "ChessBase"]
[SourceDate "2019.10.17"]
[SourceVersion "1"]
[SourceVersionDate "2019.10.17"]
[SourceQuality "1"]
[WhiteTeam "Buzau Phoenix"]
[BlackTeam "Urziceni Viitorul"]
[WhiteTeamCountry "ROU"]
[BlackTeamCountry "ROU"]

1. e4 c5 2. Nf3 e6 3. d4 cxd4 4. Nxd4 Nf6 5. Nc3 d6 6. g4 a6 7. g5 Nfd7 8. Qe2 Nc6 9. Nb3 b5 10. Bg2 Bb7 11. a3 Be7 12. h4 Nb6 13. Bf4 Qc7 14. 0-0-0 Ne5 15. Rh3 Nec4 16. Kb1 0-0-0 17. Bc1 Kb8 18. f4 g6 19. f5 Rhe8 20. f6 Bf8 21. h5 Rd7 22. hxg6 hxg6 23. Rdd3 Red8 24. Qf2 Ne5 25. Rd1 Nbc4 26. Qe2 Rc8 27. Qf2 Ka8 28. Bf4 Rdd8 29. Ka2 Rb8 30. Kb1 Bc8 31. Na2 a5 32. Nd4 Nxb2 33. Kxb2 Nc4+ 34. Ka1 e5 35. Rb3 exd4 36. Qxd4 Bb7 37. Nc3 Bc6 38. Nxb5 Rxb5 39. Qxc4 Rxb3 40. cxb3 Qb7 41. Rc1 Be8 42. e5 d5 43. Qc7 Qxc7 44. Rxc7 Bxa3 45. Bd2 Bb4 46. Bxb4 axb4 47. Bxd5+ Rxd5 48. Rc8+ Kb7 49. Rxe8 Rd1+ 50. Kb2 Rf1 51. Re7+ Kc6 52. Rxf7 Kd5 53. Re7 Kd4 54. e6 Rf2+ 55. Kc1 Kc3 56. Rc7+ Kd3 57. e7 1-0

[Event "ROM-chT2"]
[Site "Calimanesti"]
[Date "2014.11.08"]
[Round "1.1"]
[White "Filip, Lucian Ioan"]
[Black "Sandor, Petrut"]
[Result "1-0"]
[WhiteElo "2423"]
[BlackElo "2150"]
[PlyCount "89"]
[EventDate "2014.11.08"]
[EventType "team-tourn"]
[EventRounds "9"]
[EventCountry "ROU"]
[SourceTitle "CBM 163 Extra"]
[Source "ChessBase"]
[SourceDate "2014.12.23"]
[SourceVersion "1"]
[SourceVersionDate "2014.12.23"]
[SourceQuality "1"]
[WhiteTeam "Arad Vados"]
[BlackTeam "Targoviste Chindia"]
[WhiteTeamCountry "ROU"]
[BlackTeamCountry "ROU"]

1. Nf3 Nf6 2. c4 b6 3. g3 Bb7 4. Bg2 g6 5. 0-0 c5 6. d4 cxd4 7. Qxd4 Bg7 8. Nc3 d6 9. Be3 0-0 10. Qh4 Re8 11. Rfd1 Nbd7 12. Rac1 Rc8 13. b3 Qc7 14. Bh3 Rcd8 15. Nd5 Qb8 16. Bg5 Nxd5 17. cxd5 Nf6 18. e4 h6 19. Bxh6 Bc8 20. Nd4 Bd7 21. Bxd7 Rxd7 22. Bg5 Qb7 23. Nc6 Nh7 24. Bf4 Bf6 25. Qg4 Kg7 26. h4 Rh8 27. h5 Nf8 28. hxg6 Nxg6 29. Kg2 Rc7 30. Be3 e6 31. Rh1 exd5 32. exd5 Rcc8 33. Bf4 Rxh1 34. Rxh1 Rxc6 35. dxc6 Qxc6+ 36. Qf3 Nxf4+ 37. gxf4 Qc2 38. a4 Bd4 39. Re1 Kf8 40. Qa8+ Kg7 41. Qf3 Kf8 42. Re2 Qc5 43. Qe4 d5 44. Qe8+ Kg7 45. Re7 1-0

[Event "ROM-chT2"]
[Site "Olanesti"]
[Date "2013.10.20"]
[Round "9.5"]
[White "Sandor, Petrut"]
[Black "Secheres, Adrian Simion"]
[Result "1/2-1/2"]
[WhiteElo "2127"]
[BlackElo "2166"]
[PlyCount "22"]
[EventDate "2013.10.12"]
[EventType "team-tourn"]
[EventRounds "9"]
[EventCountry "ROU"]
[SourceTitle "EXT 2014"]
[Source "ChessBase"]
[SourceDate "2013.11.20"]
[SourceVersion "1"]
[SourceVersionDate "2013.11.20"]
[SourceQuality "1"]
[WhiteTeam "Galati CC"]
[BlackTeam "Timis Sinandrei"]
[WhiteTeamCountry "ROU"]
[BlackTeamCountry "ROU"]

1. e4 c5 2. Nf3 g6 3. d4 cxd4 4. Nxd4 Nc6 5. Nc3 Bg7 6. Be3 Nf6 7. Bc4 0-0 8. Bb3 d6 9. f3 Bd7 10. 0-0 Rc8 11. Qd2 Na5 1/2-1/2

[Event "ROM-chT2"]
[Site "Olanesti"]
[Date "2013.10.13"]
[Round "2.6"]
[White "Barbuleanu, Serban Ioan"]
[Black "Sandor, Petrut"]
[Result "1/2-1/2"]
[WhiteElo "1922"]
[BlackElo "2127"]
[PlyCount "21"]
[EventDate "2013.10.12"]
[EventType "team-tourn"]
[EventRounds "9"]
[EventCountry "ROU"]
[SourceTitle "EXT 2014"]
[Source "ChessBase"]
[SourceDate "2013.11.20"]
[SourceVersion "1"]
[SourceVersionDate "2013.11.20"]
[SourceQuality "1"]
[WhiteTeam "Oltenia Craiova"]
[BlackTeam "Galati CC"]
[WhiteTeamCountry "ROU"]
[BlackTeamCountry "ROU"]

1. e4 c5 2. c3 Nf6 3. e5 Nd5 4. d4 cxd4 5. Nf3 e6 6. cxd4 d6 7. Bc4 Nc6 8. 0-0 Be7 9. Qe2 0-0 10. Nc3 Nxc3 11. bxc3 1/2-1/2

[Event "ROM-chTA"]
[Site "Olanesti"]
[Date "2012.10.11"]
[Round "6.2"]
[White "Sandor, Petrut"]
[Black "Pop, Alexandru"]
[Result "1/2-1/2"]
[WhiteElo "2238"]
[BlackElo "2239"]
[PlyCount "59"]
[EventDate "2012.10.06"]
[EventType "team-tourn"]
[EventRounds "9"]
[EventCountry "ROU"]
[SourceTitle "CBM 150 Extra"]
[Source "ChessBase"]
[SourceDate "2012.10.19"]
[SourceVersion "1"]
[SourceVersionDate "2012.10.19"]
[SourceQuality "1"]
[WhiteTeam "Galati"]
[BlackTeam "Otopeni"]
[WhiteTeamCountry "ROU"]
[BlackTeamCountry "ROU"]

1. e4 e5 2. Nf3 Nc6 3. Bb5 Nf6 4. 0-0 Nxe4 5. d4 Nd6 6. Bxc6 dxc6 7. dxe5 Nf5 8. Qxd8+ Kxd8 9. Rd1+ Ke8 10. b3 b6 11. h3 Bb7 12. Bb2 Be7 13. c4 Rd8 14. Nc3 Rd7 15. Rxd7 Kxd7 16. Rd1+ Kc8 17. Ne4 c5 18. Ng3 Nxg3 19. fxg3 Rd8 20. Rxd8+ Kxd8 21. Kf2 Kd7 22. e6+ Kxe6 23. Bxg7 Be4 24. Ke3 Bb1 25. Kd2 a6 26. g4 b5 27. a4 c6 28. Kc3 Be4 29. Kd2 Bg6 30. Bh6 1/2-1/2

[Event "ROM-chTA"]
[Site "Olanesti"]
[Date "2012.10.07"]
[Round "2.2"]
[White "Baltag, Iulian"]
[Black "Sandor, Petrut"]
[Result "1-0"]
[WhiteElo "2391"]
[BlackElo "2238"]
[PlyCount "67"]
[EventDate "2012.10.06"]
[EventType "team-tourn"]
[EventRounds "9"]
[EventCountry "ROU"]
[SourceTitle "CBM 150 Extra"]
[Source "ChessBase"]
[SourceDate "2012.10.19"]
[SourceVersion "1"]
[SourceVersionDate "2012.10.19"]
[SourceQuality "1"]
[WhiteTeam "Cugir CSO"]
[BlackTeam "Galati"]
[WhiteTeamCountry "ROU"]
[BlackTeamCountry "ROU"]

1. d4 Nf6 2. Nf3 d5 3. c4 e6 4. e3 Bb4+ 5. Nc3 0-0 6. a3 Bxc3+ 7. bxc3 Ne4 8. Bd3 f5 9. Qc2 b6 10. cxd5 exd5 11. c4 c6 12. a4 Bb7 13. a5 Re8 14. 0-0 g6 15. cxd5 cxd5 16. a6 Bc8 17. Ne5 Be6 18. f3 Nd6 19. Ba3 Nf7 20. Bb5 Nxe5 21. Bxe8 Nxf3+ 22. Rxf3 Qxe8 23. Bd6 Nc6 24. h4 Rc8 25. Qf2 Qd7 26. Bf4 Na5 27. h5 Bf7 28. Qh4 Nc4 29. Be5 Rc6 30. Qg5 Nxe5 31. dxe5 Rc4 32. Rf4 Rc3 33. Raf1 Kh8 34. Qf6+ 1-0

[Event "Arad op"]
[Site "Arad"]
[Date "2012.07.27"]
[Round "1"]
[White "Sandor, Petrut"]
[Black "Gheoalda, Daniel"]
[Result "1-0"]
[WhiteElo "2227"]
[BlackElo "1763"]
[PlyCount "85"]
[EventDate "2012.07.27"]
[EventType "swiss"]
[EventRounds "9"]
[EventCountry "ROU"]
[SourceTitle "CBM 149 Extra"]
[Source "ChessBase"]
[SourceDate "2012.08.24"]
[SourceVersion "1"]
[SourceVersionDate "2012.08.24"]
[SourceQuality "1"]

1. e4 c5 2. Nf3 g6 3. d4 Bg7 4. d5 d6 5. Be2 Nf6 6. Nc3 Nbd7 7. h3 a6 8. a4 b6 9. 0-0 0-0 10. Bf4 Bb7 11. Re1 Nh5 12. Bg5 Nhf6 13. Nd2 Qc7 14. Nc4 Ne5 15. Bf4 Nxc4 16. Bxc4 Rae8 17. Qd3 Qc8 18. e5 dxe5 19. Bxe5 Nd7 20. Bf4 Qa8 21. Re2 Rd8 22. Qg3 Qc8 23. b3 b5 24. axb5 axb5 25. Nxb5 Nb6 26. Bg5 Nxd5 27. Bxd5 Bxd5 28. Bxe7 c4 29. Nd6 Rxd6 30. Bxd6 Rd8 31. Ra5 Qb7 32. b4 Be6 33. c3 Bf5 34. Qf3 Qb6 35. Bc5 Qb8 36. Bd4 Bf8 37. Rea2 Rxd4 38. cxd4 Qxb4 39. Ra8 Kg7 40. g4 Be6 41. Kh2 Qb6 42. Qf6+ Kg8 43. Rxf8+ 1-0

[Event "Arad op"]
[Site "Arad"]
[Date "2012.07.27"]
[Round "8"]
[White "Sarivan, Margareta"]
[Black "Sandor, Petrut"]
[Result "0-1"]
[WhiteElo "1921"]
[BlackElo "2227"]
[PlyCount "80"]
[EventDate "2012.07.27"]
[EventType "swiss"]
[EventRounds "9"]
[EventCountry "ROU"]
[SourceTitle "CBM 149 Extra"]
[Source "ChessBase"]
[SourceDate "2012.08.24"]
[SourceVersion "1"]
[SourceVersionDate "2012.08.24"]
[SourceQuality "1"]

1. e4 c5 2. Nf3 e6 3. d3 Nc6 4. Nc3 d6 5. g3 g6 6. Bg2 Bg7 7. 0-0 Nge7 8. Bd2 0-0 9. Rb1 Rb8 10. h3 b5 11. Ne2 b4 12. Nh2 h6 13. f4 f5 14. g4 Bd7 15. Qe1 Rf7 16. Qg3 Kh7 17. Nf3 Ng8 18. Nh4 Nge7 19. Bf3 Bf6 20. g5 hxg5 21. fxg5 Be5 22. Bf4 Qc7 23. Bg2 Rbf8 24. exf5 exf5 25. Nf3 Be6 26. b3 Nd5 27. Rfe1 Re8 28. Nxe5 dxe5 29. Bd2 Ree7 30. Qf2 Qd6 31. Ng3 Nd4 32. Rbc1 Kg8 33. c4 bxc3 34. Bxc3 Nf4 35. Rcd1 Bd5 36. Bxd4 cxd4 37. Bf1 Rh7 38. Qh2 Bf3 39. Ne2 Bxe2 40. Rxe2 Nxe2+ 0-1

[Event "ROM-ch"]
[Site "Eforie Nord"]
[Date "2009.02.06"]
[Round "7"]
[White "Manolache, Marius"]
[Black "Sandor, Petrut"]
[Result "1-0"]
[WhiteElo "2487"]
[BlackElo "2219"]
[PlyCount "65"]
[EventDate "2009.01.31"]
[EventType "swiss"]
[EventRounds "9"]
[EventCountry "ROU"]
[SourceTitle "CBM 130 Extra"]
[Source "ChessBase"]
[SourceDate "2009.07.02"]
[SourceVersion "2"]
[SourceVersionDate "2009.07.15"]
[SourceQuality "1"]

1. d4 d5 2. Nf3 Nf6 3. c4 c6 4. e3 e6 5. Bd3 Bd6 6. b3 0-0 7. Qc2 Nbd7 8. Bb2 Re8 9. Nbd2 c5 10. 0-0 h6 11. cxd5 exd5 12. Bb5 cxd4 13. Bxd4 a6 14. Bd3 Nf8 15. Qb2 Ng6 16. Rad1 Qe7 17. Rfe1 Ba3 18. Qa1 Be6 19. e4 Nf4 20. Bf1 Bc5 21. g3 Bxd4 22. Qxd4 dxe4 23. Nxe4 Nxe4 24. Qxe4 Ng6 25. Nd4 Bc8 26. Qb1 Qf8 27. Rxe8 Qxe8 28. Re1 Qd8 29. Qe4 Nf8 30. Bc4 Rb8 31. Bxf7+ Kxf7 32. Qf4+ Bf5 33. Nxf5 1-0

[Event "Bucharest Romgaz op 2nd"]
[Site "Bucharest"]
[Date "2008.09.17"]
[Round "7"]
[White "Sandor, Petrut"]
[Black "Cosma, Ioan"]
[Result "0-1"]
[WhiteElo "2190"]
[BlackElo "2457"]
[PlyCount "146"]
[EventDate "2008.09.11"]
[EventType "swiss"]
[EventRounds "9"]
[EventCountry "ROU"]
[SourceTitle "CBM 126 Extra"]
[Source "ChessBase"]
[SourceDate "2008.11.05"]
[SourceVersion "1"]
[SourceVersionDate "2008.11.05"]
[SourceQuality "1"]

1. e4 c5 2. Nf3 Nc6 3. d4 cxd4 4. Nxd4 Qc7 5. Nc3 e6 6. Be3 a6 7. Qd2 Nf6 8. f4 b5 9. Bd3 Bb7 10. Nde2 Be7 11. h3 Na5 12. e5 b4 13. exf6 bxc3 14. Qxc3 Qxc3+ 15. bxc3 gxf6 16. Bb6 Bd8 17. Bxd8 Kxd8 18. Kf2 Rg8 19. Rhg1 h5 20. Rab1 f5 21. h4 Kc7 22. g3 Bc6 23. Nd4 Bd5 24. Be2 Rh8 25. Rb4 Nb7 26. c4 Be4 27. Bd3 Nc5 28. Ke3 Rab8 29. a3 Rbg8 30. Nb3 d6 31. Nxc5 dxc5 32. Rbb1 Bxd3 33. cxd3 Rb8 34. Kd2 Rhg8 35. Rxb8 Rxb8 36. Kc2 Kc6 37. Re1 Rg8 38. Re3 Kd6 39. Kc3 f6 40. Rf3 Rb8 41. Kc2 Rf8 42. Rf1 e5 43. Rb1 Kc7 44. Rf1 e4 45. Re1 Re8 46. Re3 Kb6 47. dxe4 fxe4 48. f5 Ka5 49. Re1 Re5 50. Kb3 Rxf5 51. Rxe4 Rf3+ 52. Kb2 Ka4 53. Rf4 Rb3+ 54. Kc2 Rxa3 55. Rxf6 Kb4 56. g4 hxg4 57. Rg6 Rh3 58. Rxg4 a5 59. Kb2 a4 60. Ka2 Rh2+ 61. Kb1 Kb3 62. Rg3+ Kxc4 63. Rg4+ Kb3 64. Rg3+ Kb4 65. Rg4+ c4 66. Rg8 Rh1+ 67. Ka2 Rh2+ 68. Kb1 Rxh4 69. Ka2 Rh2+ 70. Kb1 Kb3 71. Rg3+ c3 72. Rg1 Rb2+ 73. Kc1 Ra2 0-1

[Event "ROM-ch"]
[Site "Predeal"]
[Date "2006.12.03"]
[Round "7"]
[White "Sandor, Petrut"]
[Black "Raut, Cristian"]
[Result "1/2-1/2"]
[WhiteElo "2147"]
[BlackElo "2264"]
[PlyCount "100"]
[EventDate "2006.11.27"]
[EventType "swiss"]
[EventRounds "11"]
[EventCountry "ROU"]
[SourceTitle "CBM 115 Extra"]
[Source "ChessBase"]
[SourceDate "2007.01.10"]
[SourceVersion "1"]
[SourceVersionDate "2007.01.10"]
[SourceQuality "1"]

1. e4 c5 2. Nf3 d6 3. d4 cxd4 4. Nxd4 Nf6 5. Nc3 a6 6. Bc4 e6 7. Bb3 Nbd7 8. f3 b5 9. Be3 Nc5 10. Qd2 Bb7 11. 0-0-0 Be7 12. Kb1 0-0 13. g4 Nfd7 14. g5 b4 15. Na4 Nxb3 16. axb3 d5 17. exd5 Bxd5 18. Rhg1 Rc8 19. h4 Nc5 20. Qf2 Nxa4 21. bxa4 Qc7 22. b3 f5 23. f4 Bd6 24. Bc1 Be4 25. Rge1 Bc5 26. Re2 Qb6 27. Be3 Rfd8 28. Red2 Rd5 29. h5 Rcd8 30. g6 h6 31. Nxf5 Rxd2 32. Rxd2 Bxf5 33. Bxc5 Rxd2 34. Bxb6 Bxc2+ 35. Kb2 Rxf2 36. Bxf2 Bd1 37. Bc5 Bxh5 38. Bxb4 Bxg6 39. Kc3 Kf7 40. Bc5 Kf6 41. Bd4+ Kf5 42. Bxg7 h5 43. Kd4 Kxf4 44. Be5+ Kf3 45. b4 Be8 46. b5 axb5 47. a5 Bc6 48. Kc5 Ba8 49. Kxb5 Ke4 50. Bh2 Kd3 1/2-1/2

[Event "ROM-chT"]
[Site "Baile Tusnad"]
[Date "2005.05.27"]
[Round "7"]
[White "Sandor, Petrut"]
[Black "Ionescu, Constantin"]
[Result "1/2-1/2"]
[WhiteElo "2136"]
[BlackElo "2452"]
[PlyCount "67"]
[EventDate "2005.05.21"]
[EventType "team"]
[EventRounds "9"]
[EventCountry "ROU"]
[SourceTitle "CBM 106 Extra"]
[Source "ChessBase"]
[SourceDate "2005.07.01"]
[SourceVersion "1"]
[SourceVersionDate "2005.07.01"]
[SourceQuality "1"]

1. e4 c5 2. Nf3 e6 3. d4 cxd4 4. Nxd4 a6 5. Nc3 b5 6. Bd3 d6 7. 0-0 Nf6 8. Be3 Bb7 9. a3 Nbd7 10. f4 h5 11. h3 Be7 12. Nf3 h4 13. Qe1 Nh5 14. Ne2 Nc5 15. Nd2 Rc8 16. b3 Bf6 17. Rb1 g6 18. Qf2 Rh7 19. Rfd1 Be7 20. b4 Nxd3 21. cxd3 f5 22. Bb6 Qd7 23. Rdc1 Nf6 24. Rxc8+ Qxc8 25. Rc1 Qa8 26. Nd4 Bc8 27. N4f3 Nd7 28. Bd4 Bd8 29. Qe3 Nf8 30. Qe1 Bb7 31. Bf2 fxe4 32. dxe4 Rf7 33. Qe3 Rh7 34. Qe1 1/2-1/2

[Event "ROM-chT"]
[Site "Baile Tusnad"]
[Date "2005.05.24"]
[Round "4"]
[White "Tomescu, Vlad"]
[Black "Sandor, Petrut"]
[Result "1-0"]
[WhiteElo "2375"]
[BlackElo "2136"]
[PlyCount "69"]
[EventDate "2005.05.21"]
[EventType "team"]
[EventRounds "9"]
[EventCountry "ROU"]
[SourceTitle "CBM 106 Extra"]
[Source "ChessBase"]
[SourceDate "2005.07.01"]
[SourceVersion "1"]
[SourceVersionDate "2005.07.01"]
[SourceQuality "1"]

1. e4 e5 2. Nc3 Nf6 3. Bc4 Be7 4. d3 d6 5. f4 exf4 6. Bxf4 0-0 7. Nf3 Be6 8. Bb3 Bxb3 9. axb3 Re8 10. 0-0 Nbd7 11. h3 Bf8 12. Qd2 h6 13. Rae1 Ne5 14. Nd4 Ng6 15. Nf5 c6 16. Bh2 d5 17. e5 Nh7 18. d4 Nh4 19. Ne3 Ng5 20. Bg3 Ng6 21. Qf2 Qd7 22. Nf5 Bb4 23. h4 Bxc3 24. bxc3 Ne4 25. Rxe4 dxe4 26. h5 e3 27. Qxe3 Nf8 28. Bh4 f6 29. Qg3 Kh7 30. exf6 g5 31. hxg6+ Nxg6 32. Ne7 Rxe7 33. fxe7 Qe6 34. Bf6 Rg8 35. Re1 1-0

[Event "ROM-chT"]
[Site "Baile Tusnad"]
[Date "2005.05.22"]
[Round "2"]
[White "Cosma, Ioan"]
[Black "Sandor, Petrut"]
[Result "1-0"]
[WhiteElo "2447"]
[BlackElo "2136"]
[PlyCount "73"]
[EventDate "2005.05.21"]
[EventType "team"]
[EventRounds "9"]
[EventCountry "ROU"]
[SourceTitle "CBM 106 Extra"]
[Source "ChessBase"]
[SourceDate "2005.07.01"]
[SourceVersion "1"]
[SourceVersionDate "2005.07.01"]
[SourceQuality "1"]

1. d4 Nf6 2. Nf3 e6 3. g3 b6 4. Bg2 Bb7 5. 0-0 Be7 6. c4 0-0 7. Re1 d6 8. Nc3 Ne4 9. Qc2 Nxc3 10. Ng5 Ne4 11. Bxe4 d5 12. Bxd5 Bxg5 13. Bxb7 Bxc1 14. Raxc1 Nd7 15. Bxa8 Qxa8 16. d5 e5 17. e4 a5 18. b3 Qd8 19. a3 Qe7 20. Ra1 g6 21. Qc1 f5 22. exf5 gxf5 23. b4 axb4 24. axb4 e4 25. f4 Qd6 26. Ra6 Kf7 27. Rd1 Rg8 28. Rd2 h5 29. c5 Qh6 30. d6 c6 31. Ra7 Qe6 32. cxb6 h4 33. Qc3 hxg3 34. hxg3 e3 35. Rxd7+ Qxd7 36. Qxe3 Rg6 37. Qd3 1-0

[Event "ROM-chT"]
[Site "Baile Tusnad"]
[Date "2005.05.21"]
[Round "1"]
[White "Sandor, Petrut"]
[Black "Toma Andreica, Alin"]
[Result "1/2-1/2"]
[WhiteElo "2136"]
[BlackElo "2249"]
[PlyCount "37"]
[EventDate "2005.05.21"]
[EventType "team"]
[EventRounds "9"]
[EventCountry "ROU"]
[SourceTitle "CBM 106 Extra"]
[Source "ChessBase"]
[SourceDate "2005.07.01"]
[SourceVersion "1"]
[SourceVersionDate "2005.07.01"]
[SourceQuality "1"]

1. e4 c5 2. Nf3 e6 3. d4 cxd4 4. Nxd4 Qb6 5. Nb3 a6 6. Be3 Qc7 7. Nc3 b5 8. Bd3 Nf6 9. 0-0 Bb7 10. a3 d5 11. exd5 Nxd5 12. Nxd5 Bxd5 13. Re1 Bd6 14. h3 Nc6 15. Nd2 Ne5 16. Be4 Qb7 17. Bd4 0-0-0 18. Bxd5 Qxd5 19. Ne4 1/2-1/2